000 01196cam a2200229 4500
001 WB3808-24
008 020227n2002 000 0 eng u
035 _a(Sirsi) u116878
245 _aTown and country planning
260 _c2002
490 _aEstates Gazette
_v[2002] 08 EG 162 (CS) (23/2/02)
520 _a"R (on the application of Hammerson UK Properties plc) v SOS Transport", QBD 11 February 2002, where the claimant (H) challenged the SOS's decision to refuse an extension to Brent Cross shopping centre on the grounds that it did not comply with PPG6. H claimed that SOS had not taken into account RPG3 which supported Brent Cross as a regional shopping centre and meant that the site should be treated as a preferred area for development. H's claim for a judicial review was dismissed.
590 _aWB
650 _aR (ON THE APPLICATION OF HAMMERSON UK PROPERTIES PLC) V SOS TRANSPORT
650 _aPLANNING POLICY GUIDANCE NOTE SIX
650 _aRPG3
650 _aBRENT CROSS
650 _aTOWN AND COUNTRY PLANNING ACT 1990
650 _aTOWN AND COUNTRY PLANNING (INQUIRY PROCEDURES) (ENGLAND) RULES 2000
690 _aPlanning and development
_96259
942 _n0
999 _c69615
_d69615